| 000 | 01218nam a22003377a 4500 | ||
|---|---|---|---|
| 003 | CHAP | ||
| 005 | 20220329143237.0 | ||
| 008 | 070730s2007 mx a r 00010 spa d | ||
| 010 | _a93843 | ||
| 011 | _a94815 | ||
| 035 | _a105412 | ||
| 040 | _cCHAP | ||
| 090 | _aTesis | ||
| 100 | 1 |
_aCilia López, Virginia Gabriela. _923303 |
|
| 245 | 1 | 0 |
_aBiología y utilización del chilcuague (Heliopsis longipes S.F. Blake) _c/ por Virginia Gabriela Cilia López |
| 260 |
_aSan Luis Potosí, S. L. P. : _bEl autor, _c2007. |
||
| 300 | _a108 h. : ilus.; gráfs.; cuadros. | ||
| 502 | _aTesis ( Dr. en Ciencias Ambientales) - - Universidad Autónoma de San Luis Potosí. Facultad de Ciencias Químicas. | ||
| 590 |
_aALEPH _b10 _c20130110 _lUCH01 _h1518 |
||
| 590 |
_aBATCH-UPD _b10 _c20130110 _lUCH01 _h0558 |
||
| 590 |
_aBATCH-UPD _b10 _c20130410 _lUCH01 _h0239 |
||
| 590 |
_aBATCH-UPD _b10 _c20130914 _lUCH01 _h0424 |
||
| 590 |
_aCONVERSION _b10 _c20130109 _lUCH01 _h1352 |
||
| 650 | 1 | 4 |
_aAsteraceae. _98170 |
| 650 | 1 | 4 |
_aBotánica médica. _914680 |
| 650 | 1 | 4 |
_aFenología. _940043 |
| 650 | 1 | 4 |
_aHeliopsis longipes. _953435 |
| 901 | _aBK | ||
| 942 | _cTESIS | ||
| 949 |
_aTesis _bBC _cTES _d33724002033421 _eTS1 _h46825 _i105412 _sb |
||
| 999 |
_c93843 _d93843 |
||